Dynamické regresné modelovanie makroekonomických premenných inauguračná prednáška : študijný odbor: 3.3.24 Kvantitatívne metódy v ekonómii

Gespeichert in:
Bibliographische Detailangaben
1. Verfasser: Rublíková, Eva
Körperschaft: Ekonomická univerzita v Bratislave. Fakulta hospodárskej informatiky
Format: Buch
Sprache:Slowakisch
Veröffentlicht: Bratislava [Fakulta hospodárskej informatiky EU] 2009
Schriftenreihe:Habilitačné a inauguračné prednášky
Schlagworte:
Tags: Tag hinzufügen
Keine Tags, Fügen Sie das erste Tag hinzu!

MARC

LEADER 00000nam$a2200000$$$4500
001 0107883
005 20240502072205.9
020 |a 978-80-225-2845-0 
041 0 |a slo 
044 |a SK 
245 1 0 |a Dynamické regresné modelovanie makroekonomických premenných  |b inauguračná prednáška : študijný odbor: 3.3.24 Kvantitatívne metódy v ekonómii  |c Eva Rublíková 
264 1 |a Bratislava  |b [Fakulta hospodárskej informatiky EU]  |c 2009 
300 |a 64 s. 
490 1 |a Habilitačné a inauguračné prednášky 
830 0 |a Habilitačné a inauguračné prednášky 
610 2 0 |a modely dynamické 
610 2 0 |a modely regresné 
610 2 0 |a modely stochastické 
100 1 |a Rublíková, Eva 
710 2 |a Ekonomická univerzita v Bratislave. Fakulta hospodárskej informatiky